000 00382nam a2200133Ia 4500
008 220217s9999||||xx |||||||||||||| ||und||
020 _a81-203-1180-9
082 _a658.403 88 SAD
100 _aSadagopan, S
_91513
245 0 _aManagement information systems
260 _aPrentice hall of india
_bNew Delhi
_c2003
300 _b195
650 _aMANAGEMENT INFORMATION SYSTEM
999 _c170958
_d170958